000 01305nam0a2200301 4500
001 RU\NLR\bibl\1528042
005 20250616033037.0
010 _a978-5-317-03196-1
_9500
021 _aRU
_b2010-39299
_92630
035 _a(NLR Aleph) 001519381
090 _a130665
_c130665
100 _a20100628d2010 |||y0rusy50 ca
101 0 _arus
102 _aRU
105 _aac |||||||||
200 1 _aНам Родину спасать досталось, а вам - ее беречь
_eсборник воспоминаний ветеранов Великой Отечественной войны 1941-1945 гг. Юго-Западного административного округа г. Москвы, посвященный 65-й годовщине Победы
_f[собр. Овчаренко А.Н.
_gред.: Овчаренко Е. Ф. - к. филол. н., Чернодубровская А. В.]
210 _aМосква
_cМАКС Пресс
_d2010
215 _a306 с.
_cил., портр.
_d22
686 _aТ3(2)722,013
686 _aЦ35(2)722,013
702 1 _aОвчаренко
_bА. Н.
_4220
702 1 _aОвчаренко
_bЕ. Ф.
_4340
801 0 _aRU
_bNLR
_c20100628
_gRCR
801 1 _aRU
_bNLR
_c20100628
942 _cBOOK
980 _aNB